Special issue on qualitative research in logistics and supply chain management (Record no. 72977)
[ view plain ]
| 000 -LEADER | |
|---|---|
| fixed length control field | 01434nam a2200325 a 4500 |
| 245 00 - TITLE STATEMENT | |
| Title | Special issue on qualitative research in logistics and supply chain management |
| 260 ## - PUBLICATION, DISTRIBUTION, ETC. (IMPRINT) | |
| Place of publication | [Bradford] : |
| Name of publisher | Emerald, |
| Year of publication | [2012] |
| 300 ## - PHYSICAL DESCRIPTION | |
| Number of Pages | p. [719]-880 : |
| Other physical details | ill. |
| 490 0# - SERIES STATEMENT | |
| Series statement | International journal of physical distribution & logistics management, |
| 650 #0 - SUBJECT ADDED ENTRY--TOPICAL TERM | |
| Topical Term | Physical distribution of goods |
| Topical Term | Business logistics. |
| 700 1# - ADDED ENTRY--PERSONAL NAME | |
| Personal name | Gammelgaard, Britta. |
| Personal name | Flint, Dan. |
| 856 40 - ELECTRONIC LOCATION AND ACCESS | |
| Uniform Resource Identifier | http://site.ebrary.com/lib/rucke/Doc?id=10651499 |
No items available.
